000 00860nam a2200229 i 4500
001 28951
003 ES-MaACL
005 20230909063103.0
007 t|
008 030120s1868 sp f |||| | spa d
080 _a821.134.1-14"18"
100 1 _aBalaguer, Víctor,
_d1824-1901
_924806
245 1 0 _aPoesías catalanas completas /
_cde Víctor Balaguer, con la traducción en prosa castellana a la vista.
260 _aLa Bisbal :
_b[s.n.],
_c1868 (
_fAntonio de Torres)
300 _aXV, 500 p., 1 lám. retr. ;
_c22 cm.
530 _aDisponible en formato digital.
546 _aTexto en catalán y traducción al español.
594 _aPrecede al tít.: El Trovador de Montserrat.
852 _aES-MaACL
_jB-125
856 _uhttp://bdh-rd.bne.es/viewer.vm?id=0000038998&page=1
_zBiblioteca Digital Hispánica
999 _c28951
_d28951